| 000 | 00900nam a22002297a 4500 | ||
|---|---|---|---|
| 003 | LK-CoMWRAF | ||
| 005 | 20240611102910.0 | ||
| 008 | 231225b1991 |||||||| |||| 00| 0 eng d | ||
| 040 |
_aLK-CoMWRAF _dLK-CoMWRAF _eLK-CoMWRAF |
||
| 041 | _aeng | ||
| 082 |
_a379.24 _bUNI |
||
| 111 |
_aUNESCO writing workshop to develop reading materials for women with limited reading skills _c(Chiangrai, Thailand _d1-10 October 1990) |
||
| 245 |
_aWe are equals : _ba booklet developed t the UNESCO writing workshop for women with limited reading skills |
||
| 260 |
_aBangkok: _bUnesco principal regional office for Asia and the Pacific, _c1991 |
||
| 300 | _a19 p.: ill. ; 23 cm. | ||
| 490 | _a Asia - Pacific Programme of Education for All | ||
| 650 | _a Post-Literacy programmes -India | ||
| 650 | _aWomen in development- India | ||
| 700 | _aSupekar, Kunda | ||
| 700 |
_aHomwan, Pitak _eills. |
||
| 942 | _cBK | ||
| 999 |
_c4564 _d4564 |
||